| 000 | 00336nam a22001457a 4500 | ||
|---|---|---|---|
| 003 | SGT | ||
| 020 | _a978-93-7473-626-5 | ||
| 082 |
_a610.73678 _bM18S |
||
| 100 | _aSEBASTION, JIBI | ||
| 245 | _aMENTAL HEALTH & PSYCHIATRIC NURSING FOR GNM | ||
| 250 | _a2ND | ||
| 260 |
_aINDIA _bAITBS _c2018 |
||
| 300 | _a444 | ||
| 942 |
_2ddc _cBK _057 |
||
| 999 |
_c16647 _d16647 |
||